000 00566nam a2200217Ia 4500
003 OSt
005 20220928135720.0
006 a|||||r|||| 00| 0
007 ta
008 220927b |||||||| |||| 00| 0 eng d
024 _a4635
037 _cTextual
040 _aSDCL
_cSDCL
_beng
041 _2eng
_aeng
082 _aX:5458.2'N9, N1
100 _aBhattacharyya B
_9386050
245 0 _aExport marketing
_b Strategies for success
260 _c1991
942 _hX:5458.2'N9, N1
_cTEXL
_2CC
999 _c808269
_d808269